| 000 | 01558nam0a22003011 4500 | ||
|---|---|---|---|
| 001 | v19\rc\1805183 | ||
| 005 | 20260407125756.0 | ||
| 035 | _a(NLR Aleph) 004938070 | ||
| 090 |
_a5751114 _c5751114 |
||
| 100 | _a20071224d1906 u y0rusy50 ca | ||
| 101 | 0 | _arus | |
| 102 | _aRU | ||
| 105 | _ay z ||||| | ||
| 200 | 1 |
_aВеликая раба божия, отроковица Мария, в схиме Марфа _eПостриг и схиму приняла от преподобного Серафима, чудотворца Саровского _fПо документам Серафимо-Дивеев. жен. монастыря излож. И.К. Кондратьев |
|
| 210 |
_aМосква _cИ.А. Морозов _d1906 |
||
| 215 |
_a36 с. _d18 |
||
| 700 | 1 |
_7ca _8rus _aКондратьев _bИ. К. _f1849-1904 _gИван Кузьмич _992595 _3RU\NLR\auth\77109670 |
|
| 702 | 0 |
_6z01790 _aМарфа _cМелюкова, Мария _f1810?-1829 _4570 |
|
| 702 | 0 |
_4570 _7ca _8rus _aСерафим Саровский _cМошнин, Прохор Сидорович _cиеромонах _f1759-1833 _9114058 _3RU\NLR\AUTH\774071 |
|
| 712 | 0 | 2 |
_aТроицкий Серафимо-Дивеевский женский монастырь _cНижегородская обл. _9440422 _3RU\NLR\AUTH\889971954 |
| 790 | 1 |
_6z01702 _aМелюкова _bМ. _f1810?-1829 _gМария |
|
| 801 | 0 |
_aRU _bNLR _gpsbo |
|
| 801 | 0 |
_aRU _bRuMoRGB _2psbo |
|
| 801 | 1 |
_aRU _bProSoft-M _2rusmarc |
|
| 852 |
_aNLR _j34.50.6.579 |
||
| 899 |
_aRuMoRGB _jW 298/298 |
||
| 942 | _cBOOK | ||
| 980 | _aNB | ||